000 01046nam a22001697a 4500
003 OSt
005 20251124160144.0
008 251108b |||||||| |||| 00| 0 eng d
040 _cDCL
082 _a၂၉၄.၃၈၂၃၃၂၁
130 _aတိပိဋက။
_pသုတ္တန္တပိဋက။
_pသံယုတ္တနိကာယ။
_tသဠာယတနဝဂ္ဂသံယုတ်၊
_lပါဠိတော်၊
_sနိဿယ။
245 _aသံယုတ္တပါဠိတော်နိဿယ၊
_nစတုတ္ထတွဲ ၊
_bသဠာယတနဝဂ္ဂသံယုတ် ပါဠိတော်နိဿယ။
264 _aရန်ကုန် ၊
_bနိုင်ငံတော်ဗုဒ္ဓသာသနာအဖွဲ့၊
_c၁၉၆၆။
300 _aစီ၊ ၃၆၅ စာမျက်နှာ ၊
_c၂၆ စင်တီ။
650 _aသဠာယတနဝဂ္ဂသံယုတ္တ
_vပါဠိတော် နိဿယ။
942 _2ddc
_cSHORT TERM
_n0
999 _c2441
_d2441